Kraje o najniższej średniej długości życia - Statystyki

Ogólne statystyki
  • Ten quiz został rozwiązany 40 razy
  • Średni wynik to 14 z 20
Statystyki odpowiedzi
Pozycja Państwo Oczekiwana długość życia (w latach)
dla obu płci
% Poprawnych
16 Niger 55,13
92%
1 Czad 49,81
89%
19 Demokratyczna Republika Konga 56,93
87%
12 Nigeria 53,02
84%
7 Somalia 51,96
84%
17 Mali 55,34
82%
20 Zimbabwe 57,05
79%
11 Mozambik 52,94
76%
6 Republika Środkowoafrykańska 51,81
74%
14 Uganda 54,93
71%
9 Zambia 52,15
71%
18 Angola 55,63
66%
2 Gwinea Bissau 50,23
63%
5 Namibia 51,62
63%
13 Botswana 54,18
61%
4 Eswatini 51,05
61%
10 Lesotho 52,86
53%
3 Afganistan 50,87
50%
15 Burkina Faso 55,12
45%
8 Gabon 52,04
45%
Nie znaleziono quizów pasujących do podanych kryteriów
Rozkład punktacji
Procent ludzi z każdym wynikiem
Percentyl według liczby udzielonych odpowiedzi
Twoja historia wyników
Nie rozwiązałeś tego quizu